| 000 | 01451cam a2200229 4500 | ||
|---|---|---|---|
| 001 | ##L134330 | ||
| 008 | 060726n2006 000 0 eng u | ||
| 035 | _a(Sirsi) u134330 | ||
| 041 | 0 | _aeng | |
| 050 | 0 | 4 | _a333.72 $2 18 |
| 110 | 2 |
_aCommission for Integrated Transport _94991 |
|
| 245 | 0 | 0 | _aSustainable transport choices and the retail sector |
| 260 |
_aLondon _bCfIT _c2006 |
||
| 505 | 2 | _aExecutive summary -- Introduction -- Literature review -- Methodology -- Respondent information -- Survey findings -- Qualitative research results -- Conclusions | |
| 520 | _aSets out the findings of a study to assess the nature of the relationship between mode of travel and retail spending in various retail sectors. Involved a survey questionnaire of households and interviews of focus groups and stakeholders. Findings include that, on average, car users spend more than public transport users, but after eliminating the impact of income from the analysis, no difference was seen in retail spending between the two groups. Presents policy recommendations. Tables and graphs. | ||
| 590 | _aIKA010806 | ||
| 651 | 4 |
_aUnited Kingdom _y |
|
| 690 | _aPROPERTY-COMMERCIAL PROPERTY-RETAIL PROPERTY | ||
| 710 | 2 |
_aMott MacDonald _9880 |
|
| 856 | 4 | 0 |
_uhttps://webarchive.nationalarchives.gov.uk/20110304132839/http://cfit.independent.gov.uk/pubs/2006/stc/technical/pdf/stc-technical01.pdf _zView the item free of charge at www.cfit.gov.uk... |
| 942 | _n0 | ||
| 999 |
_c105651 _d105651 |
||